Fr. Conceicao Rodrigues College of Engineering

Neural network in computer intelligence (Record no. 26085)

MARC details
000 -LEADER
fixed length control field 00389nam a2200169Ia 4500
082 ## - DEWEY DECIMAL CLASSIFICATION NUMBER
Classification number 004.65/LIM
Item number LIM
100 ## - MAIN ENTRY--PERSONAL NAME
Personal name Limin Fu
245 ## - TITLE STATEMENT
Title Neural network in computer intelligence
260 ## - PUBLICATION, DISTRIBUTION, ETC.
Name of publisher, distributor, etc. Tata Mc Graw hill Ltd.
Place of publication, distribution, etc. New Delhi
Date of publication, distribution, etc. 1994
366 ## - TRADE AVAILABILITY INFORMATION
Publishers's discount category 17.5
300 ## - PHYSICAL DESCRIPTION
Extent 460
546 ## - LANGUAGE NOTE
Language note ENGLISH
650 ## - SUBJECT ADDED ENTRY--TOPICAL TERM
Topical term or geographic name entry element Neural network
654 ## - SUBJECT ADDED ENTRY--FACETED TOPICAL TERMS
Focus term neural network
942 ## - ADDED ENTRY ELEMENTS (KOHA)
Koha item type BOOK
Holdings
Withdrawn status Lost status Damaged status Not for loan Collection Home library Current library Date acquired Source of acquisition Cost, normal purchase price Inventory number Total Checkouts Full call number Barcode Date last seen Cost, replacement price Price effective from Koha item type
        CRC Fr. Agnel's C.Rodrigues College of Engineering Fr. Agnel's C.Rodrigues College of Engineering 17/03/2023 Educational books and periodicals 239.25 258 dt 27/04/2009   004.65/LIM LIM 19544 17/03/2023 290.00   BOOK